ბათუმის შოთა რუსთაველის სახელმწიფო უნივერსიტეტის ბიბლიოთეკა

Психиатрия / (ბიბ.ჩანაწერი № 41039)

000 -LEADER
fixed length control field 00753nam a2200229Ia 4500
001 - CONTROL NUMBER
control field 7688
003 - CONTROL NUMBER IDENTIFIER
control field GE_BSU
005 - DATE AND TIME OF LATEST TRANSACTION
control field 20230830162427.0
008 - FIXED-LENGTH DATA ELEMENTS--GENERAL INFORMATION
fixed length control field 181216s1989||||ru |||||||||||||| ||ru ||
040 ## - CATALOGING SOURCE
Transcribing agency GE_BSU
041 ## - LANGUAGE CODE
Language code of text/sound track or separate title rus
080 ## - UNIVERSAL DECIMAL CLASSIFICATION NUMBER
Universal Decimal Classification number 616.89(075.8) Ж-34
100 ## - MAIN ENTRY--PERSONAL NAME
Personal name Жариков, Н.М.
9 (RLIN) 19729
245 ## - TITLE STATEMENT
Title Психиатрия /
Statement of responsibility, etc. Н.М. Жариков, Л. Г. | Урсова, Д. Ф. Хритинин.
264 ## - PRODUCTION, PUBLICATION, DISTRIBUTION, MANUFACTURE, AND COPYRIGHT NOTICE
Place of production, publication, distribution, manufacture Москва :
Name of producer, publisher, distributor, manufacturer Медицина,
Date of production, publication, distribution, manufacture, or copyright notice 1989.
300 ## - PHYSICAL DESCRIPTION
Extent 496 стр.;
Other physical details 20 см.
653 ## - INDEX TERM--UNCONTROLLED
keyword Психиатрия
653 ## - INDEX TERM--UNCONTROLLED
keyword ფსიქიატრია
700 ## - ADDED ENTRY--PERSONAL NAME
Personal name Урсова, Л. Г.
Relator term ავტორი
9 (RLIN) 19730
700 ## - ADDED ENTRY--PERSONAL NAME
Personal name | Хритинин, Д. Ф.
Relator term ავტორი
9 (RLIN) 19731
942 ## - ADDED ENTRY ELEMENTS (KOHA)
Koha item type წიგნი
Source of classification or shelving scheme
ეგზემპლარები
Withdrawn status Lost status Source of classification or shelving scheme Damaged status Not for loan Permanent Location Current Location Shelving location Date acquired Cost, normal purchase price Full call number Barcode Date last seen Copy number Price effective from Koha item type Public note
          ბათუმის შოთა რუსთაველის სახელმწიფო უნივერსიტეტის მთავარი ბიბლიოთეკა ბათუმის შოთა რუსთაველის სახელმწიფო უნივერსიტეტის მთავარი ბიბლიოთეკა წიგნსაცავი 2018-12-17 20.00 616.89(075.8) Ж-34 3504 2018-12-17 3504 2018-12-17 წიგნი 20 ლ.